000 00710nam a2200217Ii 4500
003 JO-AjNU
008 230605s9999||||xx |||||||||||||| ||und||
017 _a1986/513
040 _aJO-AjNU
_bara
_erda
_cJO-AjNU
041 _aara
050 1 4 _aPJ7862 1986
100 3 _aتأليف عوض،ريتا,
_eauthor
_914982
245 0 0 _aأعلام الشعر العربي الحديث: أحمد شوقي
250 _aط2
264 3 1 _aبغداد:المكتبة العالمية،1986
300 _a51ص
336 _atext
_btxt
_2rdacontent
337 _aunmediated
_bn
_2rdamedia
338 _avolume
_bnc
_2rdacarrier
650 4 _aالشعر العربي - تحليل ونقد - العصر الحديث
_914983
999 _aA4125
_c7693
_d7693